Questions Eyeshield 21 (intermédiaire) - Statistiques

Statistiques générales
  • Ce quiz a été pris 66 fois
  • Le résultat moyen est 10 sur 15
Statistiques - réponses
Question Réponse % Correct
Quel est le temps de Sena au 40 yards ? 4,2 secondes
86%
Dans quel lycée (et donc équipe) auraient dû être inscrits Hiruma, Kurita et Musashi ? Shinryuji Naga
84%
Contre quelle équipe les Deimon Devil Bats n'ont jamais gagnés ? Seibu Wild Gunmans
83%
Quel joueur n'a pas porté le numéro 21 ? Patrick "Panther" Spencer
81%
Hiruma a renommé Tarô Raimon "Monta" en hommage à un grand joueur de la NFL. Quel est son nom ? Joe Montana
79%
Combien y a-t-il de tomes du manga Eyeshield 21 ? 37
74%
Qui est considéré par tous comme "un génie dont on en voit qu'un par siècle" ? Agon Kongō
74%
Après la victoire des NASA Aliens contre les Deimon Devil Bats, n'ayant pas creusé un écart d'au moins 10 points l'équipe a dû changer de nom. Quel est le nouveau nom des NASA Aliens ? NASA Shuttles
74%
Quelle technique de Sena n'existe pas parmi ces 4 propositions ? Devil Bat Flash
72%
1 an avant le début de l'histoire, les Deimon Devil Bats ont fait un match amical contre les Ôjô White Knights. Quel était le score de ce match ? (OWN - DDB) 99-0
71%
Comment Hiruma a commencé à s'intéresser puis à pratiquer le football américain ? Il s'est infiltré dans une base de l'armée américaine
69%
En finale du tournoi du printemps (au début de l'œuvre), les Ôjô White Knights ont fait une remontada contre les Seibu Wild Gunmans car Tetsuma était forfait pour la seconde mi-temps. Quelle était la raison de ce forfait ? Il a bu trop d'eau
64%
Quel est le surnom des Teikoku Alexanders ? L'Alpha et l'Omega
45%
Combien de tournois du Kantō consécutifs les Shinryuji Naga ont-ils remportés avant le match contre les Devil Bats ? 9
43%
Qui est le capitaine des Ôjô White Knights ? Makoto Otawara
22%
Aucun quiz correspondant
Distribution des résultats
% des personnes avec chaque résultat
Percentile par nombre de réponses
Votre historique - résultats
Vous n’avez pas pris ce quiz